二十八星宿 28 Chinese Constellations / Asterisms - Statistics

General Stats
  • This quiz has been taken 162 times
  • The average score is 15 of 28
Answer Stats
方向 星宿 % Correct
74%
70%
68%
西
67%
65%
64%
64%
63%
西
62%
61%
西
60%
58%
56%
56%
西
54%
53%
53%
51%
51%
50%
西
48%
47%
47%
47%
西
44%
43%
40%
西
33%
No matching quizzes found
Score Distribution
Percent of People with Each Score
Percentile by Number Answered
Your Score History
You have not taken this quiz